[Event "Chigorin Memorial 09th"]
[Site "St Petersburg"]
[Date "2001.10.31"]
[Round "6"]
[White "Rogovoi, Mark"]
[Black "Golovchenko, Gleb"]
[Result "1/2-1/2"]
[WhiteElo "2208"]
[BlackElo "2243"]
[PlyCount "82"]
[EventDate "2001.10.26"]
[EventType "swiss"]
[EventRounds "9"]
[EventCountry "RUS"]
[SourceTitle "EXT 2002"]
[Source "ChessBase"]
[SourceDate "2001.11.25"]
[SourceVersion "1"]
[SourceVersionDate "2001.11.25"]
[SourceQuality "1"]

1. e4 e5 2. Nf3 Nc6 3. Bb5 a6 4. Ba4 Nf6 5. 0-0 Be7 6. Re1 b5 7. Bb3 0-0 8. c3 d5 9. exd5 Nxd5 10. Nxe5 Nxe5 11. Rxe5 c6 12. d4 Bd6 13. Re1 Qh4 14. g3 Qh3 15. Be3 Bg4 16. Qd3 Rae8 17. Nd2 Kh8 18. a4 f5 19. Bxd5 cxd5 20. f4 g5 21. Qf1 Qh5 22. fxg5 Rxe3 23. Rxe3 f4 24. Rf3 Bxf3 25. Qxf3 Qxg5 26. g4 h5 27. h3 Rg8 28. axb5 axb5 29. Re1 hxg4 30. hxg4 Qh4 31. Re2 Rxg4+ 32. Rg2 Qe1+ 33. Nf1 Rh4 34. Qf2 Qe7 35. b4 Qh7 36. Qxh4 Qxh4 37. Rh2 Qxh2+ 38. Nxh2 Kg7 39. Kf2 Kg6 40. Kf3 Kf5 41. Ng4 Kg5 1/2-1/2

[Event "Keres Memorial op"]
[Site "Tallinn"]
[Date "2001.07.27"]
[Round "4"]
[White "Rogovoi, Mark"]
[Black "Prakken, Gerrit"]
[Result "1/2-1/2"]
[WhiteElo "2220"]
[BlackElo "2345"]
[PlyCount "80"]
[EventDate "2001.07.25"]
[EventType "swiss"]
[EventRounds "9"]
[EventCountry "EST"]
[SourceTitle "CBM 083 Extra"]
[Source "ChessBase"]
[SourceDate "2001.09.11"]
[SourceVersion "1"]
[SourceVersionDate "2001.09.11"]
[SourceQuality "1"]

1. e4 e5 2. Nf3 Nc6 3. Bb5 a6 4. Ba4 Nf6 5. 0-0 b5 6. Bb3 Bb7 7. Re1 Bc5 8. c3 d6 9. d4 Bb6 10. a4 h6 11. d5 Ne7 12. c4 bxc4 13. Bxc4 0-0 14. Be3 Bxe3 15. Rxe3 c6 16. dxc6 Bxc6 17. Nc3 Qb8 18. Qb1 Qb4 19. Qa2 Rab8 20. Bxa6 Nxe4 21. Bb5 Ba8 22. Nxe4 Bxe4 23. Qa3 Qxa3 24. Raxa3 Ba8 25. Rec3 Nf5 26. Bd7 Ne7 27. Rab3 Nd5 28. Rxb8 Rxb8 29. Rc2 Kf8 30. a5 Ke7 31. Ba4 Nb4 32. Rc7+ Kf6 33. Nd2 Nd3 34. b3 Nc5 35. Bc6 Bxc6 36. Rxc6 Nxb3 37. Rxd6+ Ke7 38. Rb6 Rd8 39. Rxb3 Rxd2 40. g3 Ra2 1/2-1/2

[Event "Keres Memorial op"]
[Site "Tallinn"]
[Date "2001.07.26"]
[Round "3"]
[White "Sepp, Olav"]
[Black "Rogovoi, Mark"]
[Result "1-0"]
[WhiteElo "2442"]
[BlackElo "2220"]
[PlyCount "122"]
[EventDate "2001.07.25"]
[EventType "swiss"]
[EventRounds "9"]
[EventCountry "EST"]
[SourceTitle "CBM 083 Extra"]
[Source "ChessBase"]
[SourceDate "2001.09.11"]
[SourceVersion "1"]
[SourceVersionDate "2001.09.11"]
[SourceQuality "1"]

1. Nf3 Nf6 2. g3 g6 3. Bg2 Bg7 4. 0-0 0-0 5. d3 d5 6. Nbd2 Re8 7. e4 e5 8. c3 c6 9. Re1 Nbd7 10. Qc2 Qc7 11. b3 b6 12. c4 d4 13. Nh4 a5 14. Nf1 Nh5 15. Bh3 Nf8 16. Bxc8 Qxc8 17. Qe2 Qh3 18. f3 Nf4 19. Bxf4 exf4 20. Qg2 Qxg2+ 21. Nxg2 fxg3 22. hxg3 Nd7 23. f4 Bf8 24. Rab1 Nc5 25. Red1 Na6 26. Ne1 f6 27. Kg2 Bb4 28. Nc2 Bc3 29. a3 Nc5 30. Nh2 f5 31. e5 Ne6 32. Nf3 Reb8 33. a4 h5 34. Ng1 Bb4 35. Ne2 c5 36. Ng1 Kg7 37. Nf3 Rb7 38. Kh3 Rba7 39. Kh4 Re8 40. Ng5 Nxg5 41. Kxg5 Re6 42. Nxb4 axb4 43. Re1 Ra8 44. Re2 Rh8 45. Rh1 Ra8 46. Ra2 Re7 47. Rha1 Ra5 48. Re2 Ra8 49. e6 Rh8 50. a5 bxa5 51. Rxa5 h4 52. g4 fxg4 53. Kxg4 h3 54. Rh2 Rxe6 55. Rxc5 Re3 56. Rb5 Rxd3 57. Rxb4 Re3 58. c5 d3 59. Rd4 Re2 60. Rxh3 Rxh3 61. Kxh3 Rc2 1-0

[Event "St Petersburg White Nights op"]
[Site "St Petersburg"]
[Date "2001.06.17"]
[Round "9"]
[White "Fedorov, Gleb"]
[Black "Rogovoi, Mark"]
[Result "1-0"]
[WhiteElo "2133"]
[BlackElo "2240"]
[PlyCount "63"]
[EventDate "2001.06.09"]
[EventType "swiss"]
[EventRounds "9"]
[EventCountry "RUS"]
[SourceTitle "CBM 082 Extra"]
[Source "ChessBase"]
[SourceDate "2001.07.03"]
[SourceVersion "1"]
[SourceVersionDate "2001.07.03"]
[SourceQuality "1"]

1. e4 c5 2. Nf3 d6 3. d4 cxd4 4. Nxd4 Nf6 5. Nc3 a6 6. Be3 e6 7. Be2 Be7 8. 0-0 0-0 9. f4 Qc7 10. Qe1 Nc6 11. Qg3 Kh8 12. Rad1 Bd7 13. a3 Rad8 14. f5 b5 15. Qh3 Nxd4 16. Bxd4 e5 17. Be3 Bc6 18. Bf3 Qb7 19. g4 Nxe4 20. Nxe4 Bxe4 21. g5 Bxf3 22. Rxf3 Qe4 23. Rg3 Rfe8 24. Rf1 g6 25. Rg4 Qb7 26. f6 Bf8 27. Rh4 h5 28. Rxh5+ gxh5 29. Qxh5+ Kg8 30. g6 fxg6 31. Qxg6+ Kh8 32. f7 1-0

[Event "Keres Memorial op"]
[Site "Tallinn"]
[Date "2000.08.22"]
[Round "9"]
[White "Wunnink, Michael"]
[Black "Rogovoi, Mark"]
[Result "0-1"]
[WhiteElo "2206"]
[BlackElo "2252"]
[PlyCount "115"]
[EventDate "2000.08.14"]
[EventType "swiss"]
[EventRounds "9"]
[EventCountry "EST"]
[SourceTitle "CBM 077 Extra"]
[Source "ChessBase"]
[SourceDate "2000.09.14"]
[SourceVersion "1"]
[SourceVersionDate "2000.09.14"]
[SourceQuality "1"]

1. e4 c5 2. c3 d5 3. exd5 Qxd5 4. d4 Nf6 5. Nf3 Bg4 6. dxc5 Qxc5 7. Na3 a6 8. h3 Bh5 9. Qa4+ Nbd7 10. Be3 Qc8 11. g4 b5 12. Qb3 Bg6 13. Bg2 e6 14. 0-0 Be4 15. Nb1 Nd5 16. Bd4 Nf4 17. Nbd2 Bd5 18. Qd1 f6 19. Re1 Nxg2 20. Kxg2 Be7 21. Kg1 h5 22. Qc2 hxg4 23. Qg6+ Kf8 24. hxg4 Rh6 25. Qd3 g5 26. Kg2 Kf7 27. Rh1 Rxh1 28. Rxh1 Nf8 29. Kf1 Qc7 30. b3 Rd8 31. Qe3 Qb7 32. Rh3 a5 33. Bc5 Bxc5 34. Qxc5 Bxf3 35. Nxf3 Rd1+ 36. Kg2 Rd3 37. c4 b4 38. Qxa5 Kg8 39. Qb5 Qe4 40. Qxb4 Qxg4+ 41. Rg3 Qe4 42. Rh3 Rxf3 43. Rxf3 g4 44. Qc3 gxf3+ 45. Qxf3 Qd4 46. Qg3+ Kf7 47. Qc7+ Kg6 48. Qg3+ Kf5 49. a4 Qe4+ 50. Kh2 Ng6 51. Qh3+ Ke5 52. Qc3+ Qd4 53. Qe1+ Kf5 54. a5 Qh4+ 55. Kg1 Nf4 56. Qe3 Qg4+ 57. Kf1 Qd1+ 58. Qe1 0-1

[Event "St Petersburg White Nights op"]
[Site "St Petersburg"]
[Date "2000.07.02"]
[Round "9"]
[White "Malinin, Vasily Borisovich"]
[Black "Rogovoi, Mark"]
[Result "1-0"]
[WhiteElo "2338"]
[BlackElo "2237"]
[PlyCount "63"]
[EventDate "2000.06.23"]
[EventType "swiss"]
[EventRounds "9"]
[EventCountry "RUS"]
[SourceTitle "CBM 076 Extra"]
[Source "ChessBase"]
[SourceDate "2000.07.11"]
[SourceVersion "1"]
[SourceVersionDate "2000.07.11"]
[SourceQuality "1"]

1. d4 Nf6 2. c4 g6 3. Nc3 d5 4. cxd5 Nxd5 5. e4 Nxc3 6. bxc3 Bg7 7. Bc4 0-0 8. Ne2 Nc6 9. Be3 b6 10. Qd2 Na5 11. Bd3 c5 12. h4 e5 13. dxc5 Be6 14. Rd1 Qc7 15. Bh6 Bxh6 16. Qxh6 Bxa2 17. h5 Qe7 18. c4 Rfd8 19. Nc3 Bxc4 20. Bxc4 Rxd1+ 21. Kxd1 Nxc4 22. Nd5 Rd8 23. Ke2 Qe6 24. f3 Kh8 25. g4 bxc5 26. Kf2 Nb6 27. hxg6 Qxg6 28. Qh4 Rxd5 29. exd5 Kg7 30. Qe7 Nxd5 31. Qxe5+ Nf6 32. g5 1-0

[Event "Petrov Memorial op"]
[Site "St Petersburg"]
[Date "2000.02.15"]
[Round "8"]
[White "Loginov, Anton"]
[Black "Rogovoi, Mark"]
[Result "1-0"]
[WhiteElo "2356"]
[BlackElo "2237"]
[PlyCount "85"]
[EventDate "2000.02.05"]
[EventType "swiss"]
[EventRounds "9"]
[EventCountry "RUS"]
[SourceTitle "CBM 076"]
[Source "ChessBase"]
[SourceDate "2000.05.31"]
[SourceVersion "1"]
[SourceVersionDate "2000.05.31"]
[SourceQuality "1"]

1. Nf3 Nf6 2. c4 g6 3. Nc3 d5 4. d4 Bg7 5. Bg5 Ne4 6. Bf4 Nxc3 7. bxc3 c5 8. e3 Nc6 9. cxd5 Qxd5 10. Be2 cxd4 11. cxd4 Qa5+ 12. Qd2 Qxd2+ 13. Kxd2 Bf5 14. Bb5 0-0 15. Bxc6 bxc6 16. Rhc1 Rac8 17. Rc5 Rfd8 18. Rac1 Rd5 19. Rxd5 cxd5 20. Rxc8+ Bxc8 21. Bb8 a6 22. Kc3 Bd7 23. Kb4 e6 24. Bd6 f6 25. Nd2 Kf7 26. Ka5 Bb5 27. Nb3 Bc4 28. Kb6 g5 29. Kc5 Ke8 30. Kc6 Kf7 31. Kd7 Bb5+ 32. Kc7 Bc4 33. Nc5 Bxa2 34. Nxa6 Bc4 35. Nc5 Bb5 36. Nb7 Kg8 37. Bc5 Bf8 38. Bxf8 Kxf8 39. Kd6 Bf1 40. Kxe6 Kg7 41. g3 Kg6 42. Nc5 Bg2 43. Nd3 1-0

[Event "Petrov Memorial op"]
[Site "St Petersburg"]
[Date "2000.02.10"]
[Round "4"]
[White "Selin, Oleg"]
[Black "Rogovoi, Mark"]
[Result "1-0"]
[WhiteElo "2327"]
[BlackElo "2237"]
[PlyCount "119"]
[EventDate "2000.02.05"]
[EventType "swiss"]
[EventRounds "9"]
[EventCountry "RUS"]
[SourceTitle "CBM 076"]
[Source "ChessBase"]
[SourceDate "2000.05.31"]
[SourceVersion "1"]
[SourceVersionDate "2000.05.31"]
[SourceQuality "1"]

1. e4 c5 2. Nf3 d6 3. d4 cxd4 4. Nxd4 Nf6 5. Nc3 a6 6. Be3 e6 7. f3 b5 8. Qd2 Bb7 9. 0-0-0 Nbd7 10. g4 h6 11. h4 b4 12. Na4 Qa5 13. b3 Nc5 14. a3 Nxa4 15. axb4 Qc7 16. bxa4 d5 17. e5 Nd7 18. f4 Nb6 19. f5 Nxa4 20. fxe6 Nc3 21. exf7+ Kxf7 22. Bd3 Bxb4 23. Rdf1+ Kg8 24. Qf2 Re8 25. e6 Rf8 26. Qf7+ Rxf7 27. exf7+ Qxf7 28. Rxf7 Kxf7 29. Rf1+ Ke7 30. Nf5+ Kd8 31. Nxg7 Ba3+ 32. Kd2 Ne4+ 33. Bxe4 dxe4 34. Rf7 Kc8 35. Nf5 Rd8+ 36. Ke2 Bd5 37. Rh7 Bc4+ 38. Kf2 Rd1 39. Rxh6 Kb7 40. Ng3 a5 41. Nxe4 Rf1+ 42. Kg2 Re1 43. Nc5+ Bxc5 44. Bxc5 Re2+ 45. Kg3 Rxc2 46. h5 a4 47. Rf6 Rc3+ 48. Kh4 a3 49. Bd4 Rd3 50. Rf4 a2 51. Bg7 Bb5 52. Rf2 Ra3 53. Ba1 Kc6 54. h6 Ra7 55. g5 Bd3 56. g6 Ra4+ 57. Kg5 Ra5+ 58. Kf6 Rh5 59. h7 Rh6 60. Ke7 1-0

[Event "Petrov Memorial op"]
[Site "St Petersburg"]
[Date "2000.02.07"]
[Round "1"]
[White "Rogovoi, Mark"]
[Black "Tunik, Gennady"]
[Result "0-1"]
[WhiteElo "2237"]
[BlackElo "2442"]
[PlyCount "120"]
[EventDate "2000.02.05"]
[EventType "swiss"]
[EventRounds "9"]
[EventCountry "RUS"]
[SourceTitle "CBM 076"]
[Source "ChessBase"]
[SourceDate "2000.05.31"]
[SourceVersion "1"]
[SourceVersionDate "2000.05.31"]
[SourceQuality "1"]

1. e4 c5 2. Nf3 e6 3. d4 cxd4 4. Nxd4 Nc6 5. Nc3 Qc7 6. Be2 a6 7. 0-0 Nf6 8. Kh1 Nxd4 9. Qxd4 Bc5 10. Qd3 b5 11. f4 Bb7 12. Bf3 h5 13. e5 Ng4 14. Bxb7 Qxb7 15. Ne4 Be7 16. a4 b4 17. c4 Nh6 18. Be3 Qc6 19. b3 Nf5 20. Rad1 a5 21. Bf2 Rd8 22. c5 f6 23. h3 fxe5 24. fxe5 h4 25. Kh2 0-0 26. Qe2 Nh6 27. Rd4 Qc7 28. Nd6 Nf5 29. Rg4 Qc6 30. Nxf5 exf5 31. Rc4 f4 32. Qg4 f3 33. Bxh4 Bxh4 34. Qxh4 fxg2 35. Rxf8+ Rxf8 36. Rg4 Qxc5 37. Qg5 g1Q+ 38. Rxg1 Rf2+ 39. Rg2 Rxg2+ 40. Kxg2 Qc2+ 41. Kg1 Kf7 42. Qf4+ Ke6 43. Qg4+ Qf5 44. Qxg7 Qxh3 45. Qf6+ Kd5 46. Qb6 Qxb3 47. Qxa5+ Ke4 48. Qa8+ Qd5 49. Qa6 b3 50. Qe2+ Kd4 51. a5 Qe4 52. Qb5 Qb1+ 53. Kg2 Qc2+ 54. Kg1 b2 55. Qxd7+ Kc3 56. Qc6+ Kb3 57. Qd5+ Ka3 58. Qd6+ Kb3 59. Qd5+ Qc4 60. Qf3+ Ka2 0-1

[Event "Chigorin Memorial 07th"]
[Site "St Petersburg"]
[Date "1999.11.07"]
[Round "6"]
[White "Biriukov, Oleg V"]
[Black "Rogovoi, Mark"]
[Result "1-0"]
[WhiteElo "2378"]
[BlackElo "2214"]
[PlyCount "47"]
[EventDate "1999.11.02"]
[EventType "swiss"]
[EventRounds "9"]
[EventCountry "RUS"]
[SourceTitle "CBM 074"]
[Source "ChessBase"]
[SourceDate "2000.02.01"]
[SourceVersion "1"]
[SourceVersionDate "2000.02.01"]
[SourceQuality "1"]

1. Nf3 Nf6 2. c4 g6 3. Nc3 d5 4. Qa4+ Bd7 5. Qb3 dxc4 6. Qxc4 a6 7. d4 b5 8. Qb3 Nc6 9. Bf4 Bg7 10. e3 0-0 11. Be2 Nh5 12. Bg5 h6 13. Bh4 g5 14. Bg3 Nxg3 15. hxg3 g4 16. Nd2 e5 17. d5 Na5 18. Qd1 b4 19. Nce4 Bb5 20. Nb3 Nc4 21. Qc2 Qxd5 22. Rd1 Qc6 23. Rc1 Nd6 24. Qxc6 1-0

[Event "Chigorin Memorial 07th"]
[Site "St Petersburg"]
[Date "1999.11.06"]
[Round "5"]
[White "Rogovoi, Mark"]
[Black "Polovodin, Igor A"]
[Result "1/2-1/2"]
[WhiteElo "2214"]
[BlackElo "2463"]
[PlyCount "98"]
[EventDate "1999.11.02"]
[EventType "swiss"]
[EventRounds "9"]
[EventCountry "RUS"]
[SourceTitle "CBM 074"]
[Source "ChessBase"]
[SourceDate "2000.02.01"]
[SourceVersion "1"]
[SourceVersionDate "2000.02.01"]
[SourceQuality "1"]

1. e4 c5 2. Nf3 d6 3. d4 cxd4 4. Nxd4 Nf6 5. Nc3 e6 6. Be3 Nc6 7. f3 d5 8. exd5 Nxd5 9. Nxd5 Qxd5 10. Nxc6 bxc6 11. Qxd5 exd5 12. c4 Be6 13. Rc1 Bb4+ 14. Kf2 0-0 15. cxd5 cxd5 16. Bd4 a5 17. a4 Bd7 18. Bb5 Rfd8 19. Rc7 Bxb5 20. axb5 Bd6 21. Rc6 f6 22. Bb6 Rd7 23. Ra1 a4 24. Bd4 Kf7 25. b6 Ra5 26. h3 Be5 27. Ke3 Rb5 28. Rxa4 Rb3+ 29. Rc3 Rxb2 30. Ra7 Rxa7 31. bxa7 Ra2 32. Bxe5 fxe5 33. Rc7+ Kf6 34. Rd7 h5 35. h4 g6 36. Rb7 Ra3+ 37. Ke2 e4 38. fxe4 dxe4 39. Rd7 Kf5 40. Rg7 Kf4 41. g3+ Kxg3 42. Rxg6+ Kxh4 43. Rg7 Kh3 44. Kf2 h4 45. Ke2 Kh2 46. Kf2 h3 47. Ke2 Kh1 48. Kf2 h2 49. Ke2 Ra2+ 1/2-1/2

[Event "Chigorin Memorial 07th"]
[Site "St Petersburg"]
[Date "1999.11.03"]
[Round "2"]
[White "Rogovoi, Mark"]
[Black "Stjazhkina, Olga"]
[Result "1-0"]
[WhiteElo "2214"]
[BlackElo "2343"]
[PlyCount "69"]
[EventDate "1999.11.02"]
[EventType "swiss"]
[EventRounds "9"]
[EventCountry "RUS"]
[SourceTitle "CBM 074"]
[Source "ChessBase"]
[SourceDate "2000.02.01"]
[SourceVersion "1"]
[SourceVersionDate "2000.02.01"]
[SourceQuality "1"]

1. e4 e5 2. Nf3 Nc6 3. Bb5 f5 4. d3 fxe4 5. dxe4 Nf6 6. 0-0 Bc5 7. Nc3 d6 8. Bg5 0-0 9. Nd5 Kh8 10. Nh4 Nd4 11. Bc4 b5 12. Bd3 c6 13. Nxf6 gxf6 14. Be3 Rg8 15. Kh1 Qe8 16. Be2 Nxe2 17. Bxc5 Qh5 18. Bxd6 Be6 19. g3 Bh3 20. Be7 Qxh4 21. Qxe2 Bxf1 22. Qf3 Bg2+ 23. Kxg2 Rg6 24. Rd1 Re8 25. Rd7 a6 26. h3 Qg5 27. Qb3 Reg8 28. Qf7 Qh4 29. Kh2 Qh6 30. Rd6 c5 31. Bxf6+ Rxf6 32. Rxf6 Qd2 33. Re6 Qg5 34. Re7 Qh6 35. Re8 1-0

[Event "St Petersburg White Nights"]
[Site "St Petersburg"]
[Date "1999.06.29"]
[Round "4"]
[White "Solovjov, Sergey"]
[Black "Rogovoi, Mark"]
[Result "1/2-1/2"]
[WhiteElo "2447"]
[BlackElo "2233"]
[PlyCount "51"]
[EventDate "1999.06.26"]
[EventType "tourn"]
[EventRounds "9"]
[EventCountry "RUS"]
[EventCategory "8"]
[SourceTitle "CBM 072"]
[Source "ChessBase"]
[SourceDate "1999.10.01"]
[SourceVersion "1"]
[SourceVersionDate "1999.10.01"]
[SourceQuality "1"]

1. c4 Nf6 2. Nc3 d5 3. cxd5 Nxd5 4. g3 e5 5. Bg2 Nb6 6. Nf3 Nc6 7. 0-0 Be7 8. d3 0-0 9. Be3 Be6 10. Na4 Nxa4 11. Qxa4 Bd5 12. Rfd1 a6 13. Bd2 Nd4 14. Nxd4 Bxg2 15. Ne6 fxe6 16. Kxg2 Qd4 17. Qxd4 exd4 18. Rac1 c6 19. e4 dxe3 20. fxe3 Rad8 21. Bc3 Bg5 22. Rc2 Bxe3 23. Re2 Bb6 24. Rxe6 Rf2+ 25. Kh3 Bd4 26. Re7 1/2-1/2

[Event "Chigorin Memorial 06th"]
[Site "St Petersburg"]
[Date "1998.11.07"]
[Round "7"]
[White "Vakin, Sergei"]
[Black "Rogovoi, Mark"]
[Result "1/2-1/2"]
[WhiteElo "2360"]
[BlackElo "2225"]
[PlyCount "96"]
[EventDate "1998.10.31"]
[EventType "swiss"]
[EventRounds "9"]
[EventCountry "RUS"]
[SourceTitle "CBM 067 Extra"]
[Source "ChessBase"]
[SourceDate "1999.01.01"]
[SourceVersion "1"]
[SourceVersionDate "1999.01.01"]
[SourceQuality "1"]

1. d4 Nf6 2. c4 g6 3. Nc3 d5 4. Nf3 Bg7 5. cxd5 Nxd5 6. e4 Nxc3 7. bxc3 0-0 8. Be2 c5 9. Be3 cxd4 10. cxd4 Nc6 11. Qd2 Bg4 12. Rd1 Bxf3 13. Bxf3 e5 14. d5 Nd4 15. 0-0 f5 16. Bxd4 exd4 17. exf5 gxf5 18. Rfe1 Re8 19. Rxe8+ Qxe8 20. Re1 Qd7 21. Qg5 Re8 22. Re6 d3 23. h4 f4 24. Qh5 Rxe6 25. dxe6 Qe7 26. Qd5 Bf6 27. h5 Kg7 28. Bg4 Qd8 29. Qxb7+ Be7 30. Qxa7 d2 31. Qd7 Qxd7 32. exd7 Bd8 33. Kf1 Ba5 34. Ke2 Kf6 35. Kd3 h6 36. Ke4 Bc7 37. Kd5 Ke7 38. Kc6 Kd8 39. Bd1 Be5 40. Kd5 Bc3 41. Ke6 Bd4 42. f3 Bb2 43. Ba4 Ba3 44. Ke5 Bd6+ 45. Kf6 Be7+ 46. Ke6 Ba3 47. Bc2 Kc7 48. Ba4 Kd8 1/2-1/2